[Event "MI Nov-Dec TNM u1800"]
[Site "San Francisco"]
[Date "2021.11.16"]
[Round "3.6"]
[White "Allen, Ronald"]
[Black "Mercado, Adam"]
[Result "1/2-1/2"]
[WhiteElo "1501"]
[BlackElo "1746"]
[PlyCount "80"]
[EventDate "2021.11.02"]
[EventType "swiss"]
[EventRounds "8"]
[EventCountry "USA"]

1. d4 Nf6 2. c4 g6 3. Nc3 Bg7 4. e4 d6 5. Be2 O-O 6. Nf3 e5 7. O-O Nc6 8. d5
Ne7 9. Ne1 Nd7 10. Be3 f5 11. f3 f4 12. Bf2 g5 13. a4 Nf6 14. c5 h5 15. a5 Ng6
16. cxd6 cxd6 17. Nb5 g4 18. Nxa7 {[#] Deep in the Mar Del Plata Variation:
White and Black are both going all-out here.} g3 19. Bb6 {[%cal Rb6d8]} ({
And not} 19. hxg3 fxg3 20. Bb6 Qe7 21. Nxc8 Rfxc8 $17 {and what's to stop a
knight move and ...Qh4?}) 19... Qe7 20. Rc1 (20. Bb5 $18 {is the chip choice.})
(20. Nxc8 Rfxc8 (20... gxh2+ {White has a perfect score, with either taking or
hiding in front of it.}) 21. Bb5 {is rather annoying. White's control of the
light squares often permits a solid defense.} (21. Kh1 {is also good, and has
been played.})) 20... gxh2+ $2 (20... Nd7 $1 $14 {is the only move:} 21. Nxc8
Rfxc8 22. Bb5 $2 (22. Bc7 Nf6 23. Bb6 Nd7) 22... Qh4 23. h3 Nxb6 24. axb6 Qd8 {
picks off White's favorite pawn, with -- a won game.}) 21. Kh1 $18 {[#]} Nh7
$146 (21... Bd7 {has been played, but it didn't turn out well:} 22. Rc7 Rab8
23. Bb5 Qe8 24. Qa4 Rf7 25. Bxd7 (25. Rf2 $1) 25... Nxd7 26. Nd3 Bf8 27. Rfc1
Qe7 {1-0 (37) Garcia Roman,D (2427)-Dalo,H (2049) Barbera del Valles 2011} {
and now snazziest is} 28. Nc6 $1) 22. Rc7 Qg5 23. Qc2 ({It's all good:} 23.
Nxc8 Rfxc8 24. Rxb7 $18) 23... Ne7 24. Nd3 $6 {unnecessary} h4 25. Rc1 ({
Then again, having played A maybe B should follow:} 25. Nf2 h3 26. gxh3 $1 {
is the better capture but both win.}) 25... h3 {[%csl Gh3][%cal Rg5g2]} 26. Bf1
Kf7 $6 {[#] Objectively Black is busted, but in practice anything can happen
-- just see many games in this line, for instance Beliavsky vs. Nakamura for a
famous example.} 27. Nc6 $5 {Flashy, almost a bit too flashy.} (27. gxh3 {
shuts it down. And there's the fatal hint, when the computer considers} Kg8 {
as Black's best move!}) 27... bxc6 28. Qxc6 Ba6 29. Qxd6 hxg2+ 30. Bxg2 {
White wants to mate with Qe6+.} Bf6 (30... Bxd3 $4 31. Qe6+ Ke8 32. Rc8+ Rxc8
33. Rxc8#) 31. Qe6+ (31. Rxe7+ $1 Bxe7 32. Nxe5+ Kg7 (32... Kg8 33. Qe6+ Kh8
34. Ng6+ Kg7 35. Nxe7 {mops up -- Bd4+!}) 33. Rc7 {would be a crisp finish.})
31... Kg7 {[#]} 32. d6 $1 Bxd3 33. dxe7 Rfe8 {[#]} 34. Rc8 $4 ({It takes
Stockfish a while (and plenty humans would never find it) to play} 34. Qd5 $1
$18 {[%cal Rd5a8] Qxa8! is the strong threat.} Bxe7 {[#]} 35. Rxe7+ $1 Rxe7 36.
Qxa8) 34... Raxc8 {And Black hangs on...} 35. Rxc8 Rxc8 36. Qxc8 Bxe7 37. a6
Qh6 (37... Qf6 $11 38. Qb7 Qh4 {is a nice shift.}) 38. Qc7 $1 $14 {[%cal Rc7e7]
} Qh4 {[#]} 39. a7 ({The last chance to try to make something of the ruins:} 
39. Qxe5+ $5 $16 Bf6 40. Qa5 Bxa6 41. Qxa6 {White has the "chances," but they
dwindle after} Qe1+ 42. Qf1 (42. Bf1 Ng5) 42... Qxf1+ 43. Bxf1 Bxb2 44. Kxh2
Nf8 45. Bb5 Ng6) 39... Qe1+ $11 40. Kxh2 Qh4+ {Black's defense is rewarded
with a draw. Too bad for Tsolias, his sharp and creative play should have been
capped with a win!} 1/2-1/2

[Event "MI Nov-Dec TNM u1800"]
[Site "San Francisco"]
[Date "2021.11.16"]
[Round "3.15"]
[White "Starr, Albert"]
[Black "Barreyro, Romeo"]
[Result "0-1"]
[WhiteElo "1500"]
[BlackElo "1649"]
[PlyCount "86"]
[EventDate "2021.11.02"]
[EventType "swiss"]
[EventRounds "8"]
[EventCountry "USA"]

1. b4 g6 2. Bb2 Nf6 3. e3 Bg7 4. Nf3 O-O 5. Be2 d6 6. O-O e5 7. d3 b6 8. Nbd2
Bb7 9. c4 Nbd7 10. a4 a5 11. b5 Rc8 12. Ra3 Qe7 13. Qa1 Nc5 14. d4 exd4 15.
Nxd4 Ne6 16. Bf3 d5 17. Rc1 Ne4 18. Nxe4 dxe4 19. Be2 Nxd4 20. exd4 Rcd8 21. d5
Bxb2 22. Qxb2 f5 23. f4 Qd6 24. g3 Rfe8 25. Raa1 h6 26. Qa3 Qf6 27. Qc3 Qf7 28.
Qe3 Kh7 29. Kh1 Rg8 30. Bd1 Bc8 31. Bb3 Bb7 32. Rg1 h5 33. Rad1 Qe7 34. h3 Rgf8
35. Kh2 Qd6 36. Rdf1 Rde8 37. g4 Rg8 38. Bd1 hxg4 39. hxg4 Bc8 40. Kg3 fxg4 41.
Qc3 g5 42. Bxg4 gxf4+ 43. Rxf4 Rxg4+ 0-1

[Event "MI Nov-Dec TNM u1800"]
[Site "San Francisco"]
[Date "2021.11.16"]
[Round "3.16"]
[White "Parsons, Stephen"]
[Black "Agdamag, Samuel"]
[Result "1/2-1/2"]
[WhiteElo "1611"]
[BlackElo "1448"]
[PlyCount "169"]
[EventDate "2021.11.02"]
[EventType "swiss"]
[EventRounds "8"]
[EventCountry "USA"]

1. c4 d6 2. Nc3 g6 3. Nf3 Bg7 4. e4 Nf6 5. d4 O-O 6. Be2 e5 7. d5 Nbd7 8. h3
Nh5 9. Be3 Nf4 10. g3 Nxe2 11. Qxe2 Nb6 12. O-O-O f5 13. h4 f4 14. gxf4 exf4
15. Bd4 Bg4 16. Bxg7 Kxg7 17. c5 Nd7 18. Qd3 Nxc5 19. Qd4+ Kg8 20. Rd3 Nxd3+
21. Qxd3 a6 22. Nd4 Qf6 23. f3 Bd7 24. h5 Kg7 25. Qc4 b5 26. Qxc7 Rf7 27. hxg6
hxg6 28. Qb6 Rff8 29. Qc7 Rf7 30. Qb6 Qe7 31. Kb1 Rff8 32. Nde2 b4 33. Qxb4
Rfb8 34. Qd4+ Qe5 35. Qd2 g5 36. Rg1 Kf6 37. Nc1 Rb4 38. Nd3 Qd4 39. e5+ Kf5
40. Rxg5+ Kxg5 41. Ne4+ Kg6 42. Nxf4+ Kf5 43. Ng3+ Kxe5 44. Nd3+ Kf6 45. Ne4+
Kf7 46. Qf4+ Kg8 47. Nf6+ Kg7 48. Nh5+ Kg6 49. Qxd6+ Kxh5 50. Qh2+ Qh4 51. Qe5+
Qg5 52. Qh2+ Kg6 53. Qd6+ Kh5 54. Qxb4 Qg1+ 55. Kc2 Rc8+ 56. Kd2 Qg2+ 57. Ke3
Re8+ 58. Kd4 Qg1+ 59. Kc3 Rc8+ 60. Kd2 Qh2+ 61. Ke3 Re8+ 62. Kd4 Qg1+ 63. Kc3
Re3 64. Kd2 Rxd3+ 65. Kxd3 Bb5+ 66. Ke4 Qg6+ 67. Ke5 Qe8+ 68. Kd4 Qe2 69. f4
Kg4 70. Kc5 Kf5 71. Qd4 Qe7+ 72. d6 Qa7+ 73. Kd5 Bc6+ 74. Kc4 Bb5+ 75. Kd5 Qb7+
76. Kc5 Qc6+ 77. Kb4 Qe4 78. Qxe4+ Kxe4 79. a4 Bd7 80. Kc5 Kxf4 81. a5 Ke5 82.
Kb6 Kxd6 83. Kxa6 Kc6 84. b4 Bc8+ 85. Ka7 1/2-1/2

[Event "MI Nov-Dec TNM u1800"]
[Site "San Francisco"]
[Date "2021.11.16"]
[Round "3.17"]
[White "Vaidyanathan, Ashwin"]
[Black "Guo, Dean"]
[Result "0-1"]
[WhiteElo "1444"]
[BlackElo "1549"]
[PlyCount "74"]
[EventDate "2021.11.02"]
[EventType "swiss"]
[EventRounds "8"]
[EventCountry "USA"]

1. e4 c5 2. Nc3 Nc6 3. Nf3 d6 4. d3 g6 5. Be2 Bg7 6. Nd5 e6 7. Ne3 Nge7 8. c3
d5 9. exd5 Nxd5 10. Bd2 Nf4 11. Bc1 e5 12. g3 Nxe2 13. Qxe2 O-O 14. O-O b6 15.
a3 Re8 16. Rd1 Bb7 17. Nc2 h6 18. Re1 Qf6 19. Nd2 Rad8 20. Ne4 Qe6 21. c4 Nd4
22. Nxd4 exd4 23. Qf1 f5 24. Nxc5 Qxe1 25. Nxb7 Qxf1+ 26. Kxf1 Rd7 27. Na5 bxa5
28. b4 axb4 29. axb4 Bf8 30. b5 Kg7 31. h4 Bb4 32. Bf4 h5 33. Rc1 Rde7 34. Rc2
Re1+ 35. Kg2 Bc5 36. Bd2 R1e2 37. Kf3 Kf7 0-1

[Event "MI Nov-Dec TNM u1800"]
[Site "San Francisco"]
[Date "2021.11.16"]
[Round "3.18"]
[White "Chanoff, Eli"]
[Black "Ginzberg, Adam"]
[Result "1/2-1/2"]
[WhiteElo "839"]
[BlackElo "1540"]
[PlyCount "109"]
[EventDate "2021.11.02"]
[EventType "swiss"]
[EventRounds "8"]
[EventCountry "USA"]

1. e4 d5 2. exd5 Qxd5 3. Nc3 Qa5 4. Bc4 Nf6 5. d3 c6 6. Bd2 Qc7 7. f4 Bf5 8.
Nf3 e6 9. h3 h6 10. g4 Bh7 11. Qe2 Be7 12. Ne5 Nbd7 {[#]} 13. Nxf7 Rf8 14. Qxe6
Bg8 15. Nd6+ Qxd6 16. Qxd6 Bxd6 17. O-O-O O-O-O 18. Rhe1 Bxc4 19. dxc4 Nb6 20.
Ne4 Nxe4 21. Rxe4 Rfe8 22. Rd4 c5 23. Rd3 Nxc4 24. Bc3 Bxf4+ 25. Kb1 Rxd3 26.
cxd3 Ne3 27. Re1 Re7 28. d4 cxd4 29. Bxd4 b6 30. Re2 Kd7 31. Rf2 Nd5 32. Rf3 g5
33. a3 a5 34. Rd3 Kc6 35. Ka2 a4 36. Rd1 Be3 37. Bh8 Re4 38. Rd3 Kc5 39. Rd1 b5
40. Rf1 Bf4 41. Rf3 Re3 42. Rxe3 Nxe3 43. Bg7 Nd1 44. Bxh6 Nf2 45. h4 Nxg4 46.
Bxg5 Bxg5 47. hxg5 Ne5 48. Kb1 Kd5 49. Kc2 Kc4 50. Kb1 {[#]} b4 51. axb4 Kxb4
52. Ka2 Ng6 53. Ka1 Kb3 54. Kb1 Ne5 55. Ka1 1/2-1/2

[Event "MI Nov-Dec TNM u1800"]
[Site "San Francisco"]
[Date "2021.11.16"]
[Round "3.19"]
[White "Fairchild, JP."]
[Black "Imbens, Andrew"]
[Result "1-0"]
[WhiteElo "1229"]
[BlackElo "1400"]
[PlyCount "27"]
[EventDate "2021.11.02"]
[EventType "swiss"]
[EventRounds "8"]
[EventCountry "USA"]

1. e4 c5 2. Nc3 d6 3. f4 Nc6 4. Nf3 g6 5. Bc4 Bg7 6. d3 e6 7. O-O Nge7 8. Qe1
O-O 9. f5 exf5 10. Qh4 Ne5 11. Nxe5 Bxe5 12. Bg5 Re8 13. Nd5 Kf8 14. Qxh7 1-0

[Event "MI Nov-Dec TNM u1800"]
[Site "San Francisco"]
[Date "2021.11.16"]
[Round "3.20"]
[White "Atroshchenko, Ian"]
[Black "Ratliff, Jim"]
[Result "0-1"]
[WhiteElo "1135"]
[BlackElo "1632"]
[PlyCount "50"]
[EventDate "2021.11.02"]
[EventType "swiss"]
[EventRounds "8"]
[EventCountry "USA"]

1. e4 d6 2. d4 Nf6 3. Nc3 Nbd7 4. Nf3 e5 5. d5 Be7 6. Be2 O-O 7. O-O Nc5 8. Bd3
Nxd3 9. Qxd3 Nh5 10. h3 f5 11. exf5 Bxf5 12. Qe2 Bd7 13. Nxe5 dxe5 14. Qxh5 Rf5
15. Qe2 Bd6 16. Nb5 Qe8 17. Nxd6 cxd6 18. b3 a6 19. Ba3 Qg6 20. Qg4 Qf7 21. Qb4
Rf8 22. f3 Rg5 23. Qxb7 Rxg2+ 24. Kh1 Rg6 25. Bc1 Qf5 0-1

[Event "MI Nov-Dec TNM u1800"]
[Site "San Francisco"]
[Date "2021.11.16"]
[Round "3.22"]
[White "Anderson, Benjamin"]
[Black "Massop, Daniel"]
[Result "1-0"]
[WhiteElo "1172"]
[BlackElo "1600"]
[PlyCount "45"]
[EventDate "2021.11.02"]
[EventType "swiss"]
[EventRounds "8"]
[EventCountry "USA"]

1. e4 c5 2. d4 cxd4 3. c3 dxc3 4. Nxc3 Nc6 5. Nf3 Nf6 6. Bc4 e6 7. O-O Be7 8.
e5 Ng4 9. Qe2 f6 10. Rd1 Ngxe5 11. Bxe6 Qa5 12. Bb3 Nxf3+ 13. Qxf3 d6 14. Bf4
Bd7 15. Ne4 Ne5 16. Qg3 g5 17. Be3 Qb4 18. Rd4 Qa5 19. Nxd6+ Bxd6 20. Rxd6 Ke7
21. Rd5 Qa6 22. Bxg5 Rhg8 23. Qxe5+ 1-0

[Event "MI Nov-Dec TNM u1800"]
[Site "San Francisco"]
[Date "2021.11.16"]
[Round "3.23"]
[White "Sawhney, Yuvraj"]
[Black "Chambers, Noah"]
[Result "1-0"]
[WhiteElo "1593"]
[BlackElo "1219"]
[PlyCount "78"]
[EventDate "2021.11.02"]
[EventType "swiss"]
[EventRounds "8"]
[EventCountry "USA"]

1. e4 e5 2. Nf3 Nc6 3. Bc4 Bc5 4. c3 Nf6 5. d4 exd4 6. e5 Ne4 7. Bd5 Nxf2 8.
Kxf2 dxc3+ 9. Kg3 d6 10. Bg5 Qd7 11. e6 fxe6 12. Bxc6 bxc6 13. Nxc3 e5 14. h3
Qf5 15. Kh2 O-O 16. Re1 d5 17. Nxd5 e4 18. Be7 cxd5 19. Bxf8 Bxf8 20. Nd4 Qf4+
21. Kg1 Bc5 22. Rc1 Bb6 23. Kh1 c5 24. Nc6 Qd6 {[#]} 25. Qxd5+ Qxd5 26. Ne7+
Kf7 27. Nxd5 Bb7 28. Nc3 Re8 29. Re2 Kf6 30. Rce1 Kf5 31. Rf1+ Kg6 32. Rfe1 Kf5
33. Nb5 Re6 34. Rd1 Kg5 35. Nc3 Rh6 36. Rd7 Bc6 37. Rxg7+ Kf4 38. Rg4+ Ke5 39.
Re1 Ba5 {(Score has been unreadable for a while.)} 1-0

[Event "MI Nov-Dec TNM u1800"]
[Site "San Francisco"]
[Date "2021.11.16"]
[Round "3.24"]
[White "Uzakbaev, Nursultan"]
[Black "Rex, Tobiahs"]
[Result "0-1"]
[WhiteElo "1542"]
[BlackElo "1278"]
[PlyCount "66"]
[EventDate "2021.11.02"]
[EventType "swiss"]
[EventRounds "8"]
[EventCountry "USA"]

1. e4 e5 2. Nf3 Nf6 3. d4 Nxe4 4. Bd3 d5 5. dxe5 Be7 6. Be3 c5 7. c3 Bg4 (7...
Bf5) 8. Bxe4 dxe4 9. Qa4+ Qd7 10. Qxe4 Bf5 11. Qf4 Qd3 $2 {[#]} (11... Nc6 {
enables Black to get to the d-file first.}) (11... g5 $5 12. Nxg5 Rg8 13. h4 h6
14. g4 Bg6 15. Ne4 {Might look wild to humans; the computer just makes it even.
}) 12. Qa4+ $2 (12. Na3 $1 Nc6 13. Rd1 Qe4 14. O-O {maintains an advantage.})
12... Bd7 $2 {Moving to a worse square;} (12... b5 $1 {is a useful space grab,
with advantage Black.} 13. Qd1 Qxd1+ 14. Kxd1 Nc6 15. Ke2 O-O-O 16. Rd1 Kb7)
13. Qd1 c4 14. Qxd3 cxd3 15. Nbd2 Nc6 16. O-O O-O 17. Ne4 Rad8 18. Bf4 Bf5 19.
Nd6 Nxe5 $4 (19... Bg6 $11) 20. Bxe5 $4 (20. Nxf5 $18) 20... Bxd6 21. Bd4 b6
22. Nh4 Bg4 23. f3 Bc8 24. g4 Bc5 25. Bf2 d2 26. Bxc5 bxc5 27. Kf2 Ba6 28. Rfd1
Rfe8 29. Ng2 Be2 30. Ne3 Bxd1 31. Rxd1 Rd3 32. Nf1 Re1 33. Rxd2 $2 Rxf1+ 0-1

[Event "MI Nov-Dec TNM u1800"]
[Site "San Francisco"]
[Date "2021.11.16"]
[Round "3.25"]
[White "Tsolias, Georgios"]
[Black "Chambers, Don"]
[Result "1-0"]
[WhiteElo "1511"]
[BlackElo "1219"]
[PlyCount "61"]
[EventDate "2021.11.02"]
[EventType "swiss"]
[EventRounds "8"]
[EventCountry "USA"]

1. e4 e5 2. d4 d5 $5 3. dxe5 d4 4. Nf3 Bc5 5. c3 Nc6 6. Bc4 Be6 7. Bxe6 fxe6 8.
Qb3 Qc8 9. Ng5 Nd8 10. Qb5+ Nc6 11. Qxc5 d3 12. f4 h6 13. Nf3 Nge7 14. Qc4 Qd7
15. Nd4 Nxd4 16. cxd4 O-O-O 17. Be3 Nc6 18. O-O Nxd4 19. Bxd4 Qxd4+ 20. Qxd4
Rxd4 21. Nd2 c5 22. Rac1 b6 23. Rc4 Rxc4 24. Nxc4 b5 25. Nd6+ Kb8 26. Nxb5 c4
27. Nd6 Rf8 28. f5 g6 29. fxe6 Rxf1+ 30. Kxf1 c3 31. bxc3 1-0

[Event "MI Nov-Dec TNM u1800"]
[Site "San Francisco"]
[Date "2021.11.16"]
[Round "3.27"]
[White "Craig, Aaron"]
[Black "Hule, Pratyush"]
[Result "1-0"]
[WhiteElo "1491"]
[BlackElo "970"]
[PlyCount "29"]
[EventDate "2021.11.02"]
[EventType "swiss"]
[EventRounds "8"]
[EventCountry "USA"]

1. e4 e5 2. Bc4 Bc5 3. Nf3 Nc6 4. c3 Nf6 5. d3 d5 6. exd5 Nxd5 7. Bg5 f6 8. Bh4
Bg4 9. O-O g5 10. Bg3 f5 11. h3 Bh5 12. Qb3 Bxf3 13. gxf3 Nb6 14. Bf7+ Kd7 $4
15. Qe6# 1-0

[Event "MI Nov-Dec TNM u1800"]
[Site "San Francisco"]
[Date "2021.11.16"]
[Round "3.30"]
[White "Hilliard, Michael"]
[Black "Dayton, Cathal"]
[Result "1-0"]
[WhiteElo "1447"]
[BlackElo "784"]
[PlyCount "77"]
[EventDate "2021.11.02"]
[EventType "swiss"]
[EventRounds "8"]
[EventCountry "USA"]

1. d4 d5 2. Nf3 Nc6 3. e3 Bg4 4. Nbd2 Nf6 5. c4 e6 6. Qb3 Na5 7. Qa4+ Nc6 8.
Ne5 Qd6 9. c5 Qe7 10. Nxc6 bxc6 11. Qxc6+ Qd7 12. Qxa8+ Ke7 13. Qxa7 Bf5 14.
Qb7 c6 15. Ba6 Qxb7 16. Bxb7 Kd7 17. a4 Be7 18. a5 Bd3 19. a6 Ne8 20. Nb3 Nc7
21. a7 Na8 22. Bd2 Kc7 23. Bxa8 Rxa8 24. Ba5+ Kc8 25. Bb6 Bd8 26. Na5 Bb5 27.
Kd2 f6 28. f4 Kd7 29. b4 e5 30. Rhc1 Bc7 31. Bxc7 Kxc7 32. Nb3 Bc4 33. Kc3 Bb5
34. fxe5 fxe5 35. dxe5 Kd7 36. Nd4 Kc7 37. Nxb5+ cxb5 38. Rf1 Kb7 39. Rf7+ 1-0

[Event "MI Nov-Dec TNM u1800"]
[Site "San Francisco"]
[Date "2021.11.16"]
[Round "3.33"]
[White "Chai, Cloe"]
[Black "Thibault, William"]
[Result "1-0"]
[WhiteElo "1254"]
[BlackElo "1014"]
[PlyCount "55"]
[EventDate "2021.11.02"]
[EventType "swiss"]
[EventRounds "8"]
[EventCountry "USA"]

1. e4 c5 2. Nf3 g6 3. d4 cxd4 4. Nxd4 Nc6 5. Be3 Nf6 6. Nc3 Bg7 7. Bc4 d6 8.
Qd2 Ng4 9. Nxc6 bxc6 10. O-O-O Nxe3 11. fxe3 O-O 12. Rdf1 a5 13. Rhg1 a4 14. a3
Qa5 15. g4 Ba6 16. Bxa6 Rxa6 17. h4 h5 18. g5 Rb6 19. Nd1 Qxd2+ 20. Kxd2 Bxb2
21. Nxb2 Rxb2 22. Rb1 Rfb8 23. Rbc1 e5 24. Kc3 Ra2 25. Ra1 Rbb2 26. Rxa2 Rxa2
27. Re1 Rxa3+ 28. Kb2 1-0

[Event "MI Nov-Dec TNM u1800"]
[Site "San Francisco"]
[Date "2021.11.16"]
[Round "3.34"]
[White "Gimelfarb, Natan"]
[Black "Gu, Thomas"]
[Result "0-1"]
[WhiteElo "1125"]
[BlackElo "997"]
[PlyCount "64"]
[EventDate "2021.11.02"]
[EventType "swiss"]
[EventRounds "8"]
[EventCountry "USA"]

1. e4 c5 2. c3 d5 3. exd5 Qxd5 4. d4 Nc6 5. Be3 e5 6. c4 Qd8 7. d5 Bf5 8. dxc6
Qxd1+ 9. Kxd1 Rd8+ 10. Nd2 Nf6 11. cxb7 Rb8 12. f3 Rxb7 13. b3 Rd7 14. Ke1 Bd6
15. b4 cxb4 16. c5 Bc7 17. Bb5 O-O 18. Bxd7 Nxd7 19. c6 Nf6 20. Bg5 Rd8 21. Rd1
Ba5 22. Nc4 (22. Nb3) 22... b3+ {[#]} 23. Nxa5 $4 (23. Bd2 $18) 23... Rxd1+ 24.
Kxd1 b2 $1 25. Ke2 b1=Q 26. Kf2 Qc2+ 27. Kg3 {The last move on the scoresheet
that makes sense.} {Here the computer notices mate in 6:} Nh5+ 28. Kh4 Qxg2 29.
Kxh5 Bg6+ 30. Kh4 Qf2+ 31. Kg4 h5+ 32. Kh3 Bf5# {[%eval -32755,25]} 0-1

[Event "MI Nov-Dec TNM u1800"]
[Site "San Francisco"]
[Date "2021.11.16"]
[Round "3.35"]
[White "Chandramouli, Prasanna"]
[Black "Ahrens, Richard"]
[Result "1-0"]
[WhiteElo "921"]
[BlackElo "1091"]
[PlyCount "49"]
[EventDate "2021.11.02"]
[EventType "swiss"]
[EventRounds "8"]
[EventCountry "USA"]

1. e4 e5 2. Nf3 d6 3. Nc3 Nf6 4. b3 Be7 5. Be2 O-O 6. O-O Bg4 7. Bb2 Nc6 8. h3
Bh5 9. d3 Nd4 10. Nxd4 Bxe2 11. Ndxe2 c5 12. Nd5 Nxd5 13. exd5 b6 14. c3 f5 15.
f4 exf4 16. Nxf4 Qd7 17. Ne6 Rf7 18. c4 g6 19. Qf3 Bf6 20. Bxf6 Rxf6 21. Rf2
Rc8 22. Raf1 h5 23. Qg3 Kh7 24. Qg5 Rg8 25. Qxf6 1-0

[Event "MI Nov-Dec TNM u1800"]
[Site "San Francisco"]
[Date "2021.11.16"]
[Round "3.36"]
[White "Gulbis, Andrejs"]
[Black "Obrien, Maria"]
[Result "0-1"]
[WhiteElo "845"]
[BlackElo "1036"]
[PlyCount "56"]
[EventDate "2021.11.02"]
[EventType "swiss"]
[EventRounds "8"]
[EventCountry "USA"]

1. e4 e5 2. Nf3 Nc6 3. Bb5 d6 4. Bxc6+ bxc6 5. Nc3 Bg4 6. d3 h6 7. Be3 Nf6 8.
Qd2 Bxf3 9. gxf3 d5 10. f4 d4 11. fxe5 dxe3 12. Qxe3 Ng4 13. Qf3 Nxe5 14. Qe2
Qg5 15. f4 Qh4+ 16. Kd1 Qxf4 17. d4 Rd8 18. d5 Bb4 19. Rf1 Qh4 20. Qf2 Qxf2 21.
Rxf2 Bxc3 22. bxc3 O-O 23. Rb1 cxd5 24. exd5 Rxd5+ 25. Kc1 Rfd8 26. Rb7 Rd1+
27. Kb2 Nc4+ 28. Kb3 Na5+ 0-1

[Event "MI Nov-Dec TNM Extra Games"]
[Site "San Francisco"]
[Date "2012.11.16"]
[Round "3.10"]
[White "Chin, Alexander Pa"]
[Black "Svoboda, Steven"]
[Result "1-0"]
[WhiteElo "1859"]
[BlackElo "1914"]
[PlyCount "71"]
[EventDate "2012.11.02"]
[EventType "swiss"]
[EventRounds "8"]
[EventCountry "USA"]

1. e4 c5 2. Nf3 Nc6 3. Bb5 g6 4. c3 Nf6 5. e5 Ng4 6. d4 d6 7. d5 a6 8. Ba4 b5
9. e6 fxe6 10. dxc6 bxa4 11. Ng5 Ne5 12. Qc2 Bg7 13. f4 O-O 14. fxe5 Bxe5 15.
Qe4 Qb6 16. Na3 Rf5 17. Nc4 Qc7 18. g4 d5 19. Qg2 Rf8 20. Nxe5 Qxe5+ 21. Qe2
Qd6 22. Nf3 a5 23. Bh6 Ba6 24. Qe5 Qxe5+ 25. Nxe5 Rfc8 26. O-O-O Bb5 27. c4
Bxc6 28. Nxc6 Rxc6 29. cxd5 Rb6 30. dxe6 Rab8 31. Rd2 Rxe6 32. g5 Re5 33. Rf1
Rf5 34. Rxf5 gxf5 35. Rd5 e6 36. Rxc5 {(scoresheet now illegal -- White won,
60)} 1-0

[Event "MI Nov-Dec TNM Extra Games"]
[Site "San Francisco"]
[Date "2012.11.16"]
[Round "3.37"]
[White "Ahmed, Enile"]
[Black "Malykin, Erika"]
[Result "0-1"]
[WhiteElo "1356"]
[BlackElo "1693"]
[PlyCount "44"]
[EventDate "2012.11.02"]
[EventType "swiss"]
[EventRounds "8"]
[EventCountry "USA"]

1. d4 Nf6 2. Bf4 e6 3. e3 c5 4. c3 Nd5 5. Bg3 cxd4 6. Qxd4 Nc6 7. Qa4 Qb6 8.
Qc2 Be7 9. Nd2 h5 10. e4 h4 11. Nc4 Qc5 12. exd5 hxg3 13. dxc6 Rxh2 14. cxd7+
Bxd7 15. fxg3 Rxh1 16. Ne2 Qxc4 17. b3 Qg4 18. c4 Bb4+ 19. Nc3 Qxg3+ 20. Ke2
Bxc3 21. Rd1 e5 22. Qd3 Bg4+ 0-1

[Event "MI Nov-Dec TNM Extra Games"]
[Site "San Francisco"]
[Date "2012.11.16"]
[Round "3.38"]
[White "Brickhouse, Christian"]
[Black "Bayaraa, Timothy"]
[Result "1-0"]
[WhiteElo "452"]
[BlackElo "1149"]
[PlyCount "129"]
[EventDate "2012.11.02"]
[EventType "swiss"]
[EventRounds "8"]
[EventCountry "USA"]

1. d4 d5 2. c4 Nf6 3. Nc3 Bf5 4. cxd5 Nxd5 5. g3 e6 6. Bg2 Bb4 7. Bd2 Nc6 8. e4
Bxc3 9. bxc3 O-O 10. exf5 exf5 11. Ne2 Re8 12. O-O h6 13. Nf4 Nxf4 14. Bxf4 g5
15. Bxc6 bxc6 {[#]} 16. Be5 f6 17. Qb3+ Kh8 18. Qb7 fxe5 19. Qxc6 Kh7 20. Rad1
Re7 21. dxe5 Qg8 22. Rd7 Rxd7 23. Qxd7+ Kh8 24. Qxf5 Rf8 25. Qc2 Qe6 26. Qa4
Qxe5 27. Qxa7 Qxc3 28. Qe3 Qf6 29. a4 Ra8 30. Qa3 g4 31. Rc1 Rf8 32. Qc3 Qxc3
33. Rxc3 Ra8 34. Rc4 h5 35. h3 gxh3 36. Kh2 Rf8 37. f4 Rg8 38. Rxc7 h4 39. Kxh3
Rxg3+ 40. Kxh4 Rd3 41. a5 Ra3 42. Ra7 Kg8 43. Kg5 Kf8 44. Kf6 Ke8 45. f5 Kd8
46. Kf7 Kc8 47. a6 Kb8 48. Rb7+ Ka8 49. Rb6 Ka7 50. Re6 Rf3 51. f6 Rh3 52. Ke7
Rh6 53. f7 Rh7 54. Ke8 Rh8+ 55. f8=Q Rxf8+ 56. Kxf8 Ka8 57. Re7 Kb8 58. Kf7 Ka8
59. Ke6 Kb8 60. Kd6 Ka8 61. Kc6 Kb8 62. Rc7 Ka8 63. Kb6 Kb8 64. a7+ Ka8 65.
Rc8# 1-0